Statistics for Name the Famous People - Picture Quiz #5

Click here to take the quiz!

General Stats

  • This quiz has been taken 145 times
  • The average score is 6 of 15

Answer Stats

Answer% Correct
Serena Williams
84%
Kim il-Sung
81%
Cristiano Ronaldo
75%
Diego Maradona
62%
Sophia Loren
59%
Charlize Theron
54%
Joan Collins
48%
Margot Robbie
43%
Javier Bardem
38%
Anna Kournikova
25%
Evo Morales
20%
Audrey Tautou
19%
Gabriel Garcia Marquez
16%
Gael Garcia Bernal
13%
Youssou N'Dour
6%

Score Distribution

Percentile by Number Answered

Percent of People with Each Score

Your Score History

You have not taken this quiz